A España (Record no. 115737)
[ view plain ]
| 000 -LEADER | |
|---|---|
| campo de control de longitud fija | 00540nam a2200157 i 4500 |
| 001 - NÚMERO DE CONTROL | |
| campo de control | 115737 |
| 003 - IDENTIFICADOR DE NÚMERO DE CONTROL | |
| campo de control | ES-MaACL |
| 005 - FECHA Y HORA DE LA ÚLTIMA TRANSACCIÓN | |
| campo de control | 20240424063052.0 |
| 007 - CAMPO FIJO DE DESCRIPCIÓN FÍSICA--INFORMACIÓN GENERAL | |
| campo de control de longitud fija | t| |
| 008 - DATOS DE LONGITUD FIJA--INFORMACIÓN GENERAL | |
| campo de control de longitud fija | 070510s1911 sp ||||1| spa d |
| 100 1# - ENTRADA PRINCIPAL--NOMBRE DE PERSONA | |
| Nombre de persona | Ruimar, Cándido, |
| Fechas asociadas al nombre | n. 1862 |
| 9 (RLIN) | 100866 |
| 245 10 - MENCIÓN DEL TÍTULO | |
| Título | A España |
| Resto del título | : con motivo de sus recientes preparativos militares para intervenir en Marruecos : [poesía] / |
| Mención de responsabilidad, etc. | Cándido Ruiz Martínez. |
| 260 ## - PUBLICACIÓN, DISTRIBUCIÓN, ETC. | |
| Lugar de publicación, distribución, etc. | Sevilla : |
| Nombre del editor, distribuidor, etc. | [s.n.], |
| Fecha de publicación, distribución, etc. | 1911 ( |
| Fabricante | Tip. G. Santigosa) |
| 852 ## - LOCALIZACIÓN | |
| Ubicación | ES-MaACL |
| Número de control de estantería | T-1250-F-10 |
| Estatus retirado | Estado de pérdida | Estado de daño | No para préstamo | Colección | Biblioteca de origen | Biblioteca actual | Ubicación en estantería | Fecha de adquisición | Fuente de adquisición | Total de préstamos | Signatura topográfica completa | Código de barras | Visto por última vez | Precio de reemplazo | Tipo de ítem Koha |
|---|---|---|---|---|---|---|---|---|---|---|---|---|---|---|---|
| Colección de folletos | Biblioteca del Ateneo de Madrid | Biblioteca del Ateneo de Madrid | Depósito folletos | 17/01/2008 | T-1250-F-10 | 1120694 | 23/02/2023 | 23/02/2023 | Folleto |
